Coronavr̕us impactos no direito imobilir̀io, urbans̕tico e na arquitetura do espaȯ urbano /

Bibliographic Details
Main Author: Levy, Wilson
Other Authors: Manhês de Almeida, Marcelo
Format: eBook
Language:Portuguese
Published: Indaiatuba: Editora Foco, 2021
Subjects:
Online Access:Acceso restringido

MARC

LEADER 00000nam a22000007a 4500
005 2021121309509.0
007 cr|||| |||
008 211213s2021 br |||||s|||| 00||0 por d
020 |a 978-65-5515-165-7 
035 |a 35449 
040 |a vLex 
090 |c 12701  |d 12701 
100 1 |a Levy, Wilson 
245 1 0 |a Coronavr̕us  |h [Recurso electrn̤ico] :  |b impactos no direito imobilir̀io, urbans̕tico e na arquitetura do espaȯ urbano /  |c Wilson Levy, Marcelo Manhês de Almeida 
256 |a Servicio en ln̕ea 
260 |a Indaiatuba:  |b Editora Foco,  |c 2021 
300 |a 1 recurso electrn̤ico 
500 |a Na trilha das mudanȧs provocadas por este cenr̀io tectn̥ico, o Direito, disciplina do saber humano que se debruȧ sobre um amplo leque de temas que vô do sentido l︢timo da Justiȧ e de sua distribuiȯ̂ ̉funcionalizaȯ̂ e operacionalizaȯ̂ do Direito positivo, passando, por b̤vio, pelos fins do Estado, nô transitou incl̤ume. Tribunais, no Brasil e no mundo passaram a cumprir remotamente o mister que lhes atribur̕am os textos constitucionais nacionais e toda uma ordem de novas disciplinas normativas passou a ser exigida para regular situaė̳s que inexistiam preteritamente. (...) Mudou tambm̌ o deslocamento pela cidade. Quem pode evita o transporte coletivo, frente ao risco de contaminaȯ̂ pela concentraȯ̂ de pessoas. Parques fecharam. Passeios sumiram e o contato entre as pessoas tm̊ sido ressignificado pelas novas tecnologias de informaȯ̂ e comunicaȯ̂ (TICs). O que nô mudou - e, inclusive, se aprofundou - foi o cart̀er estruturalmente desigual do territr̤io urbanizado no nosso pas̕, cujas manifestaė̳s eram, at ̌entô, naturalizadas ou tidas por invisv̕eis pela cidadania pt̀ria. Sintomt̀ica a insensatez de uma naȯ̂ que perde, insistentemente, as oportunidades que a Providn̊cia lhe d,̀ de tempos em tempos, de progredir. Oportunidades, alis̀, que outros pas̕es, acometidos por guerras e desastres naturais, nô tiveram e que, nada obstante, avanȧram de maneira firme em direȯ̂ ̉edificaȯ̂ de pt̀rias justas, fraternas e solidr̀ias. Tudo a provocar as mentes interessadas em Arquitetura, Urbanismo, Direito Imobilir̀io e Direito Urbans̕tico a buscar novos paradigmas, novas paragens, novas refern̊cias e novas formas de pavimentar o caminho para cidades capazes de maximizar os benefc̕ios da urbanizaȯ̂ - o viver junto, o cooperar, o evoluir coletivamente. Este livro, coordenado pelos amigos Marcelo Manhês de Almeida e Wilson Levy, busca enfrentar todos esses desafios sem olvidar dos entraves que as peculiaridades que marcam a urbanizaȯ̂ brasileira, cuja histr̤ia contm̌ mais capt̕ulos tristes do que virtuosos. Todavia, se o cenr̀io ̌nebuloso, ele ̌igualmente alvissareiro diante da incrv̕el resilin̊cia de nosso povo, alheio s̉ vicissitudes que os frg̀eis arranjos democrt̀icos brasileiros apresentam. 
506 1 |a Disponible solo en los productos indicados  |d vLex Global  |d vLex Global (Academic Edition, excluding Law Schools)  |d vLex Global (U.S. Academic Edition, Law Schools)  |d vLex Global (U.S. Academic Edition, excluding Law Schools)  |d vLex Global (Academic Edition, Law Schools) 
650 0 4 |a Derecho Civil  |z Brasil 
650 0 4 |a Urbanismo  |z Brasil 
700 1 |a Manhês de Almeida, Marcelo 
740 0 |a vLex Libros (Servicio en ln̕ea) 
856 4 0 |u https://app.vlex.com/#/sources/35449  |z Acceso restringido 
942 |c BOOK 
999 0 |a Civil Law 
999 0 |a Urbanism